| 000 | 01390cam a22003977a 4500 | ||
|---|---|---|---|
| 003 | CHAP | ||
| 005 | 20220817043756.0 | ||
| 008 | 010531d2000 mx r 00110 spa d | ||
| 010 | _a84047 | ||
| 011 | _a85019 | ||
| 020 | _a9706544402 | ||
| 035 | _a95546 | ||
| 040 | _cCHAP | ||
| 082 | 0 | 4 |
_a382.0972 _bS6 |
| 100 | 0 | 0 | _aSoria, Víctor M. |
| 245 | 1 | 0 |
_aAlgunos aspectos económicos y financieros nacionales e internacionales _c/por Víctor M. Soria (y otros) |
| 260 |
_aMéxico, D.F. : _bUniversidad Autónoma Metropolitana - Iztapalapa, _c1999. |
||
| 300 |
_a261 p. ; _bgráfs. |
||
| 410 | 0 | 0 | _aUAM. Unidad Iztapalapa |
| 490 | 0 |
_aSerie de investigación _v; 20 |
|
| 590 |
_aBATCH-UPD _b10 _c20130110 _lUCH01 _h0815 |
||
| 590 |
_aBATCH-UPD _b10 _c20130410 _lUCH01 _h0452 |
||
| 590 |
_aBATCH-UPD _b10 _c20130914 _lUCH01 _h1015 |
||
| 590 |
_aCONVERSION _b10 _c20130109 _lUCH01 _h1347 |
||
| 650 | 0 | 4 |
_aComercio exterior _zMéxico. _925638 |
| 650 | 0 | 4 |
_aComercio internacional. _925641 |
| 650 | 0 | 4 |
_aMéxico _xCondiciones económicas. |
| 650 | 0 | 4 |
_aPolítica económica _zMéxico. _990535 |
| 650 | 0 | 4 | _aTratado Trilateral de Libre Comercio. |
| 810 | 0 | 0 |
_aUAM. Unidad Iztapalapa _9115980 |
| 830 | 0 |
_aSerie de investigación _v; 20 _9104746 |
|
| 901 | _aBK | ||
| 905 | _aAlejandra Carrasco M. | ||
| 942 | _cLIBRO | ||
| 949 |
_a382.0972 S6 _bBC _cLIBRO _d33724000835112 _eLIBRO _h100272 _i95546 _si |
||
| 999 |
_c84047 _d84047 |
||